Jedzenie po hiszpańsku - Statystyki

Ogólne statystyki
  • Ten quiz został rozwiązany 1 637 razy
  • Średni wynik to 15 z 24
Statystyki odpowiedzi
Hiszpański Polski % Poprawnych
Café Kawa
97%
Agua Woda
93%
Pan Chleb
82%
Pollo Kurczak
81%
Sopa Zupa
80%
Leche Mleko
77%
Ensalada Sałata
77%
Carne Mięso
75%
Queso Ser
75%
Naranja Pomarańcza
73%
Manzana  Jabłko
66%
Jamón Szynka
66%
Arroz Ryż
63%
Cerveza Piwo
62%
Pescado Ryba
62%
Jugo / Zumo Sok
60%
Plátano Banan
55%
Huevo Jajko
54%
Piña Ananas
53%
Mantequilla  Masło
35%
Maíz Kukurydza
34%
Bistec Stek
30%
Frijoles Fasola
28%
Camarón Krewetka
16%
Nie znaleziono quizów pasujących do podanych kryteriów
Rozkład punktacji
Procent ludzi z każdym wynikiem
Percentyl według liczby udzielonych odpowiedzi
Twoja historia wyników
Nie rozwiązałeś tego quizu